Administrative Relationships / (Record no. 11815)
[ view plain ]
| 000 -LEADER | |
|---|---|
| fixed length control field | 00410cam a2200157ua 4500 |
| 041 ## - LANGUAGE CODE | |
| Language code of text/sound track or separate title | eng |
| 082 ## - DEWEY DECIMAL CLASSIFICATION NUMBER | |
| Classification number | 371.2 |
| Item number | CUL/AD |
| 100 ## - MAIN ENTRY--AUTHOR NAME | |
| Personal name | Culbertson, Jacle . |
| 245 00 - TITLE STATEMENT | |
| Title | Administrative Relationships / |
| 260 ## - PUBLICATION, DISTRIBUTION, ETC. (IMPRINT) | |
| Place of publication | : |
| Name of publisher | Prentice Hall Inc , |
| Year of publication | 1961. |
| 300 ## - PHYSICAL DESCRIPTION | |
| Number of Pages | 517 ; . |
| 700 1# - ADDED ENTRY--PERSONAL NAME | |
| Personal name | Jacobson, PaulReller . |
| 700 1# - ADDED ENTRY--PERSONAL NAME | |
| Personal name | Thodpre, L . |
No items available.
